Экспрессный контроль параметров буровых растворов при бурении нефтегазопромысловых и нефтегазоразведочных скважин; Известия Томского политехнического университета [Известия ТПУ]; Неразрушающий контроль и диагностика

Dettagli Bibliografici
Parent link:Известия Томского политехнического университета [Известия ТПУ]/ Томский политехнический университет (ТПУ).— , 2000-
Неразрушающий контроль и диагностика.— 1998.— [С. 67-69]
Altri autori: Волченко Ю. А., Безуглов А. И., Клименков Н. П., Тоушканов Ю. К., Числов Н. Н. Николай Николаевич
Riassunto:Заглавие с титульного листа
Электронная версия печатной публикации
Показана необходимость оперативного контроля без отбора проб основных параметров буровых растворов при бурении нефтегазопромысловых и нефтегазоразведочных скважин. Описан комплекс технических средств экспрессного контроля параметров буровых растворов (КИБР), обеспечивающий такой контроль при бурении скважин.
Lingua:russo
Pubblicazione: 1998
Soggetti:
Accesso online:http://www.lib.tpu.ru/fulltext/v/Bulletin_TPU/1998/16.pdf
Natura: Elettronico Capitolo di libro
KOHA link:https://koha.lib.tpu.ru/cgi-bin/koha/opac-detail.pl?biblionumber=161669

MARC

LEADER 00000nla2a2200000 4500
001 161669
005 20231031155946.0
035 |a (RuTPU)RU\TPU\book\175315 
035 |a RU\TPU\book\175311 
090 |a 161669 
100 |a 20090610d1998 k y0rusy50 ca 
101 0 |a rus 
102 |a RU 
135 |a drnn ---uucaa 
181 0 |a i  
182 0 |a b 
200 1 |a Экспрессный контроль параметров буровых растворов при бурении нефтегазопромысловых и нефтегазоразведочных скважин  |b Электронный ресурс  |f Ю. А. Волченко [и др.] 
203 |a Текст  |c электронный 
215 |a 1 файл (542 Кб) 
230 |a Электронные текстовые данные (1 файл : 542 Кб) 
300 |a Заглавие с титульного листа 
300 |a Электронная версия печатной публикации 
330 |a Показана необходимость оперативного контроля без отбора проб основных параметров буровых растворов при бурении нефтегазопромысловых и нефтегазоразведочных скважин. Описан комплекс технических средств экспрессного контроля параметров буровых растворов (КИБР), обеспечивающий такой контроль при бурении скважин. 
337 |a Adobe Reader 
461 1 |0 (RuTPU)RU\TPU\book\176237  |t Известия Томского политехнического университета [Известия ТПУ]  |f Томский политехнический университет (ТПУ)  |d 2000-  
463 1 |0 (RuTPU)RU\TPU\book\15040  |y 5-89503-028-9  |t Неразрушающий контроль и диагностика  |o сборник статей  |f под ред. В. Л. Чахлова  |v [С. 67-69]  |d 1998  |p 128 с. 
610 1 |a нефтегазопромысловые скважины 
610 1 |a нефтегазоразведочные скважины 
610 1 |a бурение 
610 1 |a буровые растворы 
610 1 |a контроль 
610 1 |a труды учёных ТПУ 
610 1 |a параметры 
610 1 |a электронный ресурс 
701 1 |a Волченко  |b Ю. А. 
701 1 |a Безуглов  |b А. И. 
701 1 |a Клименков  |b Н. П. 
701 1 |a Тоушканов  |b Ю. К. 
701 1 |a Числов  |b Н. Н.  |c специалист в области неразрушающего контроля  |c доцент Томского политехнического университета, кандидат технических наук  |f 1946-  |g Николай Николаевич  |2 stltpush  |3 (RuTPU)RU\TPU\pers\31147  |4 070 
801 1 |a RU  |b 63413507  |c 20090610  |g PSBO 
801 2 |a RU  |b 63413507  |c 20210317  |g PSBO 
856 4 |u http://www.lib.tpu.ru/fulltext/v/Bulletin_TPU/1998/16.pdf 
942 |c CF